350 Famous Actors - Statistics

General Stats
  • This quiz has been taken 42 times
  • The average score is 132 of 350
Answer Stats
Movies/ Shows Actor % Correct
Donnie Brasco, Scarface, The Godfather Al Pacino
96%
Inglourious Basterds, Moneyball, Seven Brad Pitt
88%
Peaky Blinders, The Darjeeling Limited, The Pianist Adrien Brody
84%
Doctor Strange, Sherlock, The Imitation Game Benedict Cumberbatch
84%
Doom Patrol, The Mummy, The Whale Brendan Fraser
84%
The Elephant Man, The Silence of the Lambs, Thor Anthony Hopkins
80%
Predator, The Terminator, Total Recall Arnold Schwarzenegger
80%
Armageddon, Gone Girl, Good Will Hunting Ben Affleck
80%
American Sniper, Maestro, Silver Linings Playbook Bradley Cooper
80%
Die Hard, Looper, Pulp Fiction Bruce Willis
80%
American Psychoy Batman Begins, Empire of the Sun Christian Bale
80%
Dirty Harry, Million Dollar Baby, The Good The Bad and the Ugly Clint Eastwood
80%
Raiders of the Lost Ark, Star Wars, The Fugitive Harrison Ford
80%
Die Hard, Galaxy Quest, Harry Potter Alan Rickman
76%
Night at the Museum, Reality Bites, Tropic Thunder Ben Stiller
76%
Hot Shots, Platoon, Wall Street Charlie Sheen
76%
American History X, Birdman, Fight Club Edward Norton
76%
Ali, Django Unchained, Ray Jamie Foxx
76%
Grease, Pulp Fiction, The People vs OJ Simpson John Travolta
76%
Erin Brockovich, Ocean's Eleven, Pretty Woman Julia Roberts
76%
Good Will Hunting, Jason Bourne, Ocean's Eleven Matt Damon
76%
Gandhi, Schindler's List, Shutter Island Ben Kingsley
72%
Casino Royale, Cowboys & Aliens, Knives Out Daniel Craig
72%
Batman Returns, It's Always Sunny in Philadelphia, Twins Danny DeVito
72%
Beverly Hills Cop, Coming to America, Dolemite Is My Name Eddie Murphy
72%
Catwoman, Jungle Fever, Monster's Ball Halle Berry
72%
About Schmidt, One Flew Over the Cuckoo's Nest, The Shining Jack Nicholson
72%
Ace Ventura: Pet Detective, Dumb and Dumber, The Truman Show Jim Carrey
72%
A Nightmare on Elm Street, Donnie Brasco, Pirates of the Carribean Johnny Depp
72%
American Beauty, House of Cards, Seven Kevin Spacey
72%
Schindler's List, Taken, The Commuter Liam Neeson
72%
Meet the Parents, Raging Bull, Taxi Driver Robert De Niro
72%
Dead Poet's Society, Good Will Hunting, Mrs. Doubtfire Robin Williams
72%
Funny People, The Longest Yard, The Wedding Singer Adam Sandler
68%
Desperado, Puss in Boots, Spy Kids Antonio Banderas
68%
Entee the Dragon, Fists of Fury, The Way of the Dragon Bruce Lee
68%
Argo, Breaking Bad, Malcolm in the Middle Bryan Cranston
68%
Charlie's Angels, Gangs of New York, Shrek Cameron Diaz
68%
Good Will Hunting, Manchester By the Sea, Ocean's Eleven Casey Affleck
68%
28 Days Later, Batman Begins, Peaky Blinders Cillian Murphy
68%
From Dusk Till Dawn, Ocean's Eleven, The Descendants George Clooney
68%
Insomnia, Million Dollar Baby, The Resident Hilary Swank
68%
The Big Lebowski, Tron, True Grit Jeff Bridges
68%
Gladiator, Joker, Signs Joaquin Phoenix
68%
Nyad, Taxi Driver, The Silence of the Lambs Jodie Foster
68%
Chaplin, Oppenheimer, Tropic Thunder Robert Downey Jr.
68%
Captain Phillips, Forrest Gump, The Money Pit Tom Hanks
68%
Bombshell, Monster, The Italian Job Charlize Theron
64%
Lethal Weapon, Predator 2, The Color Purple Danny Glover
64%
A Few Good Men, Blame It On Rio, G.I. Jane Demi Moore
64%
Fences, Glory, Training Day Denzel Washington
64%
Boogie Nights, Hotel Rwanda, Iron Man 2 Don Cheadle
64%
Rain Man, Runaway Jury, The Graduate Dustin Hoffman
64%
Fargo, Primal Fear, Three Billboards Outside Ebbing Missouri Frances McDormand
64%
A League of Their Own, Beetlejuice, Thelma & Louise Geena Davis
64%
Nacho Libre, School of Rock, Tropic Thunder Jack Black
64%
Independence Day, Jurassic Park, The Fly Jeff Goldblum
64%
Bill & Ted's Excellent Adventure, Constantine, John Wick Keanu Reeves
64%
A Few Good Men, Footloose, JFK Kevin Bacon
64%
A Star Is Born, American Horror Story, Joker Folie a Deux Lady Gaga
64%
Bombshell, Once Upon a Time in Hollywood, The Wolf of Wall Street Margot Robbie
64%
Lethal Weapon, Mad Max, Signs Mel Gibson
64%
Basic Instinct, Falling Down, Wall Street Michael Douglas
64%
Face/Off, Leaving Las Vegas, Mandy Nicolas Cage
64%
Dirty Dancing, Keeping Mum, Road House Patrick Swayze
64%
Black Widow, Jojo Rabbit, Lost in Translation Scarlett Johansson
64%
Mission: Impossible, Top Gun, Tropic Thunder Tom Cruise
64%
Men in Black, The Fugitive, The Sunset Limited Tommy Lee Jones
64%
I Am Legend, Independence Day, Men in Black Will Smith
64%
Arrival, Julie & Julia, Man of Steel Amy Adams
60%
Hacksaw Ridge, The Amazing Spider-Man, The Social Network Andrew Garfield
60%
Interstellar, The Dark Knight Rises, The Intern Anne Hathaway
60%
Django Unchained, Inglourious Basterds, Most Dangerous Game Christoph Waltz
60%
Masters of the Universe, Rocky IV, Universal Soldier Dolph Lundgren
60%
Easy A, Poor Things, Zombieland Emma Stone
60%
Arrival, Black Panther, The Last King of Scotland Forest Whitaker
60%
Donnie Darko, Nightcrawler, Southpaw Jake Gyllenhaal
60%
127 Hours, Spider-Man, The Interview James Franco
60%
Doubt, Julie & Julia, Sophie's Choice Meryl Streep
60%
Batman, Beetlejuice, Birdman Michael Keaton
60%
Driving Miss Daisy, Glory, The Shawshank Redemption Morgan Freeman
60%
Schindler's List, The Grand Budapest Hotel, The Menu Ralph Fiennes
60%
A Beautiful Mind, Gladiator, The Nice Guys Russell Crowe
60%
Deadpool, Green Lantern, The Proposal Ryan Reynolds
60%
Dr. No, Finding Forrester, Indiana Jones and the Last Crusade Sean Connery
60%
Casualties of War, Mystic River, The Thin Red Line Sean Penn
60%
First Blood, Rocky, The Expendables Sylvester Stallone
60%
Gattaca, Kill Bill, Pulp Fiction Uma Thurman
60%
Lone Wolf McQuade, The Delta Force, Walker Texas Ranger Chuck Norris
56%
Charlie's Angels, Santa Clarita Diet, The Wedding Singer Drew Barrymore
56%
Bram Stoker's Dracula, Darkest Hour, Harry Potter Gary Oldman
56%
Runaway Jury, The French Connection, The Royal Tenenbaums Gene Hackman
56%
Everything Everywhere All at Once, Halloween, True Lies Jamie Lee Curtis
56%
Passengers, Silver Linings Playbook, The Hunger Games Jennifer Lawrence
56%
10 Cloverfield Lane, Roseanne, The Big Lebowski John Goodman
56%
Being John Malkovich, Con Air, Empire of the Sun John Malkovich
56%
Charlie's Angels, Kill Bill, Lucky Number Slevin Lucy Liu
56%
American Horror Story, Home Alone, Richie Rich Macaulay Culkin
56%
Apocalypse Now, Superman, The Godfather Marlon Brando
56%
Everybody Loves Raymond, Paddleton, The Irishman Ray Romano
56%
Borat, Bruno, The Trial of the Chicago 7 Sacha Baron Cohen
56%
Bird Box, Gravity, The Proposal Sandra Bullock
56%
Basic Instinct, The Laundromat, The Quick and the Dead Sharon Stone
56%
Sister Act, The Color Purple, The Long Walk Home Whoopi Goldberg
56%
Three Billboards Outside Ebbing Missouri, True Detective, Zombieland Woody Harrelson
56%
Catch Me If You Can, The Deer Hunter, True Romance Christopher Walken
52%
Baywatch, Knight Rider, Kung Fury David Hasselhoff
52%
Dead Poet's Society, The Purge, Training Day Ethan Hawke
52%
Logan, Prisoners, Swordfish Hugh Jackman
52%
Bloodsport, Kickboxer, Universal Soldier Jean-Claude Van Damme
52%
Knocked Up, Superbad, The Wolf of Wall Street Jonah Hill
52%
Boogie Nights, Still Alice, The Lost World: Jurassic Park Julianne Moore
52%
Night at the Museum, The Darjeeling Limited, Wedding Crashers Owen Wilson
52%
Johnny English, Man vs Bee, Mr. Bean Rowan Atkinson
52%
Alien, Ghostbusters, The Meyerowitz Stories Sigourney Weaver
52%
Mystic River, The Shawshank Redemption, Top Gun Tim Robbins
52%
Just Mercy, Room, Scott Pilgrim vs the World Brie Larson
48%
Back to the Future, Nobody, Who Framed Roger Rabbit Christopher Lloyd
48%
Harry Potter, Little Women, The Circle Emma Watson
48%
Black Hawk Down, Fargo, Trainspotting Ewan McGregor
48%
Iron Man 3, L.A. Confidential, Memento Guy Pearce
48%
Being the Ricardos, No Country For Old Men, Skyfall Javier Bardem
48%
Being the Ricardos, Spider-Man, Whiplash J.K. Simmons
48%
Rio Bravo, The War Wagon, True Grit John Wayne
48%
About Schmidt, American Horror Story, Misery Kathy Bates
48%
Big Trouble in Little China, Tango & Cash, The Hateful Eight Kurt Russell
48%
Django Unchained, The Quick and the Dead, The Wolf of Wall Street Leonardo DiCaprio
48%
Poor Things, Shutter Island, Zodiac Mark Ruffalo
48%
Inglourious Basterds, Steve Jobs, X-Men: First Class Michael Fassbender
48%
Black Hawk Down, Pirates of the Carribean, The Lord of the Rings Orlando Bloom
48%
Capote, Doubt, The Big Lebowski Philip Seymour Hoffman
48%
Deep Blue Sea, Jungle Fever, Pulp Fiction Samuel L. Jackson
48%
Little Miss Sunshine, Maggie, Zombieland Abigail Breslin
44%
Beetlejuice, The Cooler, The Departed Alec Baldwin
44%
50/50, End of Watch, Pitch Perfect Anna Kendrick
44%
Better Call Saul, Mr. Show w Bob & David, Nobody Bob Odenkirk
44%
Knives Out, Scott Pilgrim vs the World, Snowpiercer Chris Evans
44%
Looper, Oppenheimer, Sicario Emily Blunt
44%
Bad Lieutenant, Reservoir Dogs, Taxi Driver Harvey Keitel
44%
Aquaman, Game of Thrones, Slumberland Jason Momoa
44%
Adventureland, The Social Network, Zombieland Jesse Eisenberg
44%
Fantastic Four, Machete, Sin City Jessica Alba
44%
Central Intelligence, Die Hart, The Man From Toronto Kevin Hart
44%
Black Swan, Family Guy, The Book of Eli Mila Kunis
44%
Apocalypse Now, The Godfather, The Judge Robert Duvall
44%
Buffy the Vampire Slayer, I Know What You Did Last Summer, Scooby-Doo Sarah Michelle Gellar
44%
Above the Law, Machete, Under Siege Steven Seagal
44%
Galaxy Quest, Home Improvement, The Santa Clause Tim Allen
44%
Kiss Kiss Bang Bang, The Doors, Top Gun Val Kilmer
44%
Platoon, Spider-Man, The Florida Project Willem Dafoe
44%
Beetlejuice, Edward Scissorhands, Stranger Things Winona Ryder
44%
Scrooged, St. Vincent, Stripes Bill Murray
40%
Dogma, Everybody Hates Chris, Top Five Chris Rock
40%
Breaking Bad, Desperado, Machete Danny Trejo
40%
Kill Bill, Splash, Wall Street Daryl Hannah
40%
Django Unchained, Miami Vice, Nash Bridges Don Johnson
40%
Coming to America, Conan the Barbarian, Star Wars James Earl Jones
40%
The Drop, The Sopranos, True Romance James Gandolfini
40%
Annihilation, Single White Female, The Hateful Eight Jennifer Jason Leigh
40%
1408, Being John Malkovich, Con Air John Cusack
40%
Melancholia, Spider-Man, The Power of the Dog Kirsten Dunst
40%
Green Book, House of Cards, Luke Cage Mahershala Ali
40%
Arrested Development, Scott Pilgrim vs the World, Superbad Michael Cera
40%
Jackie, Star Wars, Thor Natalie Portman
40%
Cocaine Bear, Cop Land, Goodfellas Ray Liotta
40%
Honey Boy, The Peanut Butter Falcon, Transformers Shia LaBeouf
40%
Mission: Impossible 3, Shaun of the Dead, Star Trek Simon Pegg
40%
Inception, Peaky Blinders, The Dark Knight Rises Tom Hardy
40%
Captain Fantastic, Green Book, The Road Viggo Mortensen
40%
Brawl In Cell Block 99, Starsky & Hutch, Wedding Crashers Vince Vaughn
40%
Blade, Demolition Man, White Men Can't Jump Wesley Snipes
40%
Friday, Jackie Brown, Rush Hour Chris Tucker
36%
Rogue One: A Star Wars Story, The Theory of Everything, True Story Felicity Jones
36%
Friday, Ride Along, Three Kings Ice Cube
36%
A Beautiful Mind, Alita: Battle Angel, Top Gun: Maverick Jennifer Connelly
36%
Here Comes the Boom, Kevin Can Wait, The King of Queens Kevin James
36%
Apocalypse Now, Mystic River, The Matrix Laurence Fishburne
36%
Donnie Darko, The Dark Knight, The Deuce Maggie Gyllenhaal
36%
The Happening, The Other Guys, Three Kings Mark Wahlberg
36%
Birdman, Mulholland Drive, The Ring Naomi Watts
36%
Being the Ricardos, Bombshell, Days of Thunder Nicole Kidman
36%
Battleship, Ocean's Eight, This Is The End Rihanna
36%
Beauty and the Beast, Hellboy, Sons of Anarchy Ron Perlman
36%
Blade Runner 2049, Drive, The Nice Guys Ryan Gosling
36%
Funny People, Steve Jobs, The Interview Seth Rogen
36%
Bonnie & Clyde, Bulworth, Heaven Can Wait Warren Beatty
36%
Dune, Euphoria, Malcolm & Marie Zendaya
36%
Breaking Bad, Exodus: Gods and Kings, Westworld Aaron Paul
32%
Edward Scissorhands, Little Miss Sunshine, The Kominsky Method Alan Arkin
32%
It Could Happen To You, Jackie Brown, Single White Female Bridget Fonda
32%
Predator, Rocky, The Mandalorians Carl Weathers
32%
Godzilla, WandaVision, Wind River Elizabeth Olsen
32%
Air Force One, Hillbilly Elegy, Hook Glenn Close
32%
8 Mile, L.A Confidential, The Nice Guys Kim Basinger
32%
A Time To Kill, Amistad, The Gentlemen Matthew McConaughey
32%
Donnie Brasco, Free Willy, Reservoir Dogs Michael Madsen
32%
Batman Returns, Scarface, The Witches of Eastwick Michelle Pfeiffer
32%
Green Room, Star Trek: The Next Generation, X-Men Patrick Stewart
32%
The Last of Us, The Mandalorian, The Unbearable Weight of Massive Talent Pedro Pascal
32%
GoldenEye, Mrs. Doubtfire, Robinson Crusoe Pierce Brosnan
32%
All Is Lost, The Great Gatsby, The Natural Robert Redford
32%
Blade Runner 2049, Forrest Gump, Moneyball Robin Wright
32%
Jojo Rabbit, The Green Mile, Three Billboards Outside Ebbing Missouri Sam Rockwell
32%
Fences, How to Get Away with Murder, Ma Rainey's Black Bottom Viola Davis
32%
8 Mile, King of the Hill, Sin City Brittany Murphy
28%
Guns Akimbo, Miracle Workers, Weird: The Al Yankovic Story Daniel Radcliffe
28%
Apocalypse Now, Easy Rider, True Romance Dennis Hopper
28%
Ad Astra, Invasion of the Body Snatchers, The Hunger Games Donald Sutherland
28%
Game of Thrones, Solo: A Star Wars Story, Terminator: Genisys Emilia Clarke
28%
Ghost Rider, The Other Guys, Training Day Eva Mendes
28%
American Horror Story, Monster: The Jeffrey Dahmer Story, WandaVision Evan Peters
28%
Avengers: Infinity War, Sicario, The Goonies Josh Brolin
28%
Encino Man, Indiana Jones and the Temple of Doom, The Goonies Ke Huy Quan
28%
Batman, Regular Show, Star Wars Mark Hamill
28%
Fargo, Sherlock, The World's End Martin Freeman
28%
Asteroid City, Rumble Fish, The House That Jack Built Matt Dillon
28%
Green Lantern, The Green Mile, The Whole Nine Yards Michael Clarke Duncan
28%
In the Line of Fire, Lethal Weapon 3, Nightcrawler Rene Russo
28%
After Life, Extras, The Invention of Lying Ricky Gervais
28%
Good Time, Tenet, The Batman Robert Pattinson
28%
Event Horizon, Jurassic Park, Peaky Blinders Sam Neill
28%
A Million Ways To Die in the West, Family Guy, Ted Seth MacFarlane
28%
Fargo, Miracle Workers, Reservoir Dogs Steve Buscemi
28%
Harry Potter, Leprechaun, Willow Warwick Davis
28%
Den of Thieves, Escape Plan, Get Rich or Die Tryin' 50 Cent
24%
Batman, Family Guy, The King of Queens Adam West
24%
Split, The Menu, The Witch Anya Taylor-Joy
24%
28 Days Later, Harry Potter, The Banshees of Inisherin Brendan Gleeson
24%
Nebraska, The Great Gatsby, The Hateful Eight Bruce Dern
24%
Come to Daddy, Grand Piano, The Lord of the Rings Elijah Wood
24%
Adventureland, Personal Shopper, Still Alice Kristen Stewart
24%
Full Metal Jacket, Stranger Things, The Dark Knight Rises Matthew Modine
24%
Ma, Snowpiercer, The Shape of Water Octavia Spencer
24%
Julie & Julia, The Hunger Games, The Terminal Stanley Tucci
24%
Crash, Empire, Iron Man Terrence Howard
24%
Brooklyn Nine-Nine, Everybody Hates Chris, The Expendables Terry Crews
24%
50/50, Argylle, Jurassic World Bryce Dallas Howard
20%
Family Guy, Star Wars, The Burbs Carrie Fisher
20%
Man on Fire, Once Upon a Time in Hollywood, War of the Worlds Dakota Fanning
20%
Army of the Dead, Guardians of the Galaxy, Knock at the Cabin Dave Bautista
20%
Nerve, Now You See Me, The Disaster Artist Dave Franco
20%
Doctor Who, Harry Potter, Jessica Jones David Tennant
20%
Manhattan, Morning Glory, The Godfather Diane Keaton
20%
Inglourious Basterds, National Treasure, Troy Diane Kruger
20%
Gladiator, Guardians of the Galaxy, Shazam Djimon Hounsou
20%
American Heist, Jumper, Star Wars Hayden Christensen
20%
Hacksaw Ridge, The Lord of the Rings, The Matrix Hugo Weaving
20%
American Fiction, Casino Royale, The Batman Jeffrey Wright
20%
50/50, Looper, Premium Rush Joseph Gordon-Levitt
20%
Inland Empire, Jurassic Park, Little Women Laura Dern
20%
Apocalypse Now, The Amazing Spider-Man, Wall Street Martin Sheen
20%
Courage Under Fire, Top Gun Meg Ryan
20%
Batman Begins, Get Carter, Mr. Morgan's Last Love Michael Caine
20%
Hot Fuzz, Shaun of the Dead, The World's End Nick Frost
20%
Drive, Inside Llewyn Davis, Moon Knight Oscar Isaac
20%
Ratatouille, The King of Queens, Young Adult Patton Oswalt
20%
Game of Thrones, Pixels, Three Billboards Outside Ebbing Missouri Peter Dinklage
20%
Dogma, From Dusk Till Dawn, Thr Hitman's Bodyguard Salma Hayek
20%
Gridlock'd, Juice, Poetic Justice Tupac Shakur
20%
Boogie Nights, Raiders of the Lost Ark, Spider-Man 2 Alfred Molina
16%
Elysium, I Am Legend, The Suicide Squad Alice Braga
16%
Batman, Nighthawks, Star Wars Billy Dee Williams
16%
Burn Notice, Congo, The Evil Dead Bruce Campbell
16%
Horror of Dracula, Star Wars, The Wicker Man Christopher Lee
16%
A Few Good Men, Men of Honor, The People vs OJ Simpson Cuba Gooding Jr.
16%
Ip Man, John Wick 4, Rogue One: A Star Wars Story Donnie Yen
16%
Congo, Ghostbusters, The Crow Ernie Hudson
16%
No Good Deed, The Suicide Squad, Thor Idris Elba
16%
Asteroid City, Rushmore, The Darjeeling Limited Jason Schwartzman
16%
Breaking Bad, Fargo, The Power of the Dog Jesse Plemons
16%
NYPD Blue, Sons of Anarchy, Star Wars Jimmy Smits
16%
The Batman, The Big Lebowski, The Night Of John Turturro
16%
Doctor Who, Guardians of the Galaxy, Jumanji: Welcome to the Jungle Karen Gillan
16%
Django Unchained, Lakeview Terrace, The Last King of Scotland Kerry Washington
16%
Five Nights At Freddy's, Scooby-Doo, Scream Matthew Lillard
16%
Mad Max: Fury Road, Renfield, The Menu Nicholas Hoult
16%
Little Miss Sunshine, Swiss Army Man, The Batman Paul Dano
16%
Bio-Dome, One Tough Cop, The Usual Suspects Stephen Baldwin
16%
The Commuter, The Conjuring, The Departed Vera Farmiga
16%
Guardians of the Galaxy, Star Trek, The Terminal Zoe Saldana
16%
Drive, Inside Llewyn Davis, Space Man Carey Mulligan
12%
Gerald's Game, Spy Kids, The Fall of the House of Usher Carla Gugino
12%
Last Looks, Sons of Anarchy, The Gentlemen Charlie Hunnam
12%
Man of Steel, Rumble Fish, The Perfect Storm Diane Lane
12%
Seabiscuit, Spider-Man, The Hunger Games Elizabeth Banks
12%
Freaks, Into the Wild, Once Upon a Time in Hollywood Emile Hirsch
12%
Inland Empire, Justice League, Red Sparrow Jeremy Irons
12%
Lethal Weapon 4, The Expendables, Unleashed Jet Li
12%
Sound of Freedom, The Passion of the Christ, The Thin Red Line Jim Caviezel
12%
Big Eyes, Breaking Bad, Jessica Jones Krysten Ritter
12%
Most Dangerous Game, The Duel, The Hunger Games Liam Hemsworth
12%
Arctic, Doctor Strange, Hannibal Mads Mikkelsen
12%
Doctor Who, Last Night in Soho, Patient Zero Matt Smith
12%
Ant-Man, End of Watch, The Mule Michael Pena
12%
Guardians of the Galaxy, The Suicide Squad, The Walking Dead Michael Rooker
12%
Blow Out, Carrie, RoboCop Nancy Allen
12%
Andor, Good Will Hunting, Thor Stellan Skarsgard
12%
Justified, Once Upon a Time in Hollywoody Santa Clarita Diet Timothy Olyphant
12%
Candyman, Night of the Living Dead, The Rock Tony Todd
12%
Full Metal Jacket, Jurassic World, Men in Black Vincent D'Onofrio
12%
Fargo, Pleasantville, The Cooler William H. Macy
12%
After Earth, Mad Max: Fury Road, The Batman Zoe Kravitz
12%
Horse Girl, The Disaster Artist, The Post Alison Brie
8%
Living, Pirates of the Carribean, Shaun of the Dead Bill Nighy
8%
Fargo, Harry Potter, I'm Thinking of Ending Things David Thewlis
8%
Andor, Elysium, The Terminal Diego Luna
8%
Cradle 2 the Grave, Exit Wounds, Never Die Alone DMX
8%
Runaway Train, The Coca Cola Kid, The Expendables Eric Roberts
8%
Breaking Bad, The Boys, The Mandalorian Giancarlo Esposito
8%
Knox Goes Away, Sonic the Hedgehog, X-Men James Marsden
8%
Amsterdam, Tenet, The Creator John David Washington
8%
The Punisher, The Walking Dead, The Wolf of Wall Street Jon Bernthal
8%
Malcolm X, Raiders of the Lost Ark, Scrooged Karen Allen
8%
10 Cloverfield Lane, Ahsoka, Death Proof Mary Elizabeth Winstead
8%
Bullet Train, Knives Out, Man of Steel Michael Shannon
8%
Machete, Resident Evil, S.W.A.T. Michelle Rodriguez
8%
The Boondock Saints, The Walking Dead, Triple 9 Norman Reedus
8%
Doctor Who, The Suicide Squad, World War Z Peter Capaldi
8%
Nightcrawler, Sound of Metal, The Night Of Riz Ahmed
8%
Alligator, Breaking Bad, Jackie Brown Robert Forster
8%
Charmed, Planet Terror, Scream Rose McGowan
8%
Invincible, Minari, The Walking Dead Steven Yeun
8%
Edward Scissorhands, The Last Man on Earth, The Tingler Vincent Price
8%
Deadpool 2, Joker, The Harder They Fall Zazie Beetz
8%
Cocaine Bear, Solo: A Star Wars Story, Supernatural Alden Ehrenreich
4%
Black Lightning, High Flying Bird, Predator Bill Duke
4%
Asteroid City, Downsizing, The Menu Hong Chau
4%
Big Trouble in Little China, Blade Runner, Everything Everywhere All At Once James Hong
4%
Chaplin, John Q., The Specialist James Woods
4%
Supernatural, The Walking Dead, Watchmen Jeffrey Dean Morgan
4%
American Fiction, Platoon, The Thing Keith David
4%
Beyond the Law, Dogma, Men in Black Linda Fiorentino
4%
Maid, Poor Things, The Nice Guys Margaret Qualley
4%
Godfather of Harlem, How High, The Wire Method Man
4%
He Got Game, Kids, Sin City Rosario Dawson
4%
Alita: Battle Angel, Bird Box, Brand New Cherry Flavor Rosa Salazar
4%
Last Night in Soho, Leave No Trace, Old Thomasin McKenzie
4%
Con Air, Dawn of the Dead, Pulp Fiction Ving Rhames
4%
Independence Day, Kill Bill, Two Can Play That Game Vivica A. Fox
4%
Fallout, The Hateful Eight, Vice Principals Walton Goggins
4%
Machete Kills, The Hateful Eight, The Midnight Sky Demian Bichir
0%
Supernatural, The Man in the High Castle, Z Nation DJ Qualls
0%
Lincoln, Shutter Island, Watchmen Jackie Earle Haley
0%
Bird Box, Father Stu, Silver Linings Playbook Jacki Weaver
0%
American Horror Story, Shutter Island, The Walking Dead John Carroll Lynch
0%
Aliens, Pumpkinhead, The Terminator Lance Henriksen
0%
Batman Begins, Sons of Anarchy, The Mandalorian Mark Boone Jr.
0%
Accident Man, Black Dynamite, The Dark Knight Michael Jai White
0%
Accident Man, Doctor Strange, John Wick 4 Scott Adkins
0%
Blade, Brawl in Cell Block 99, My Own Private Idaho Udo Kier
0%
No matching quizzes found
Score Distribution
Percent of People with Each Score
Percentile by Number Answered
Your Score History
You have not taken this quiz